James Marriott Singles - Statistics

General Stats
  • This quiz has been taken 10 times
  • The average score is 28 of 31
Answer Stats
Answer % Correct
Calling 2021
100%
Don't Blame Me 2023
100%
Grapes 2022
100%
Him 2021
100%
How Could I say No? 2025
100%
Limbs 2025
100%
New Face 2021
100%
Over My Head 2023
100%
Something's Wrong 2025
100%
Ventriloquist 2025
100%
You Are Here 2023
100%
Car Lights 2022
89%
Food Poisoning 2025
89%
Going Postal At The Party 2023
89%
Gold 2021
89%
In Between 2023
89%
It's Only Love 2025
89%
Plasticine 2025
89%
Romanticise This 2023
89%
Sleeping On Trains 2022
89%
Slow Down 2020
89%
Toothache 2025
89%
Wake up! 2021
89%
Why Don't You Kill Me? 2025
89%
Denial 2023
78%
Pillow Fight 2025
78%
So Long 2023
78%
White Noise 2023
78%
The Other Side 2023
67%
Where Has Everyone Gone? 2022
67%
I Don't Want To Live Like This Anymore 2025
56%
No matching quizzes found
Score Distribution
Percent of People with Each Score
Percentile by Number Answered
Your Score History
You have not taken this quiz